[Event "CZECH OPEN 2011 "]
[Site "Pardubice (CZE)"]
[Date "2011.07.30"]
[Round "9.27"]
[White "Saric, Ante"]
[Black "Dann, Matthias"]
[Result "1-0"]
[WhiteElo "2483"]
[BlackElo "2373"]
[PlyCount "117"]
[EventDate "2011.07.22"]

1. Nf3 Nf6 2. c4 g6 3. Nc3 Bg7 4. e4 d6 5. d4 O-O 6. Be2 e5 7. O-O Nc6 8. dxe5
dxe5 9. Bg5 Qxd1 10. Rfxd1 Bg4 11. h3 Bxf3 12. Bxf3 Nd4 13. Nd5 Nxd5 14. cxd5
f5 15. Be3 fxe4 16. Bxe4 Rf7 17. g4 Kh8 18. Kg2 Nb5 19. Rac1 Nd6 20. f3 Raf8
21. Rf1 a6 22. Rf2 Bf6 23. Rfc2 Bd8 24. Bh6 Re8 25. Bd2 Kg7 26. a4 h6 27. b3
Kh7 28. Ba5 Bg5 29. Re1 Ree7 30. Bd3 Kg7 31. Bc3 Bf4 32. Rce2 Kf6 33. h4 Re8
34. Rh1 Rd7 35. h5 g5 36. Rc2 Be3 37. Re1 Bd4 38. Ba5 Ree7 39. Bb4 Rd8 40. Kf1
Kf7 41. Ke2 Kf6 42. Rec1 Rdd7 43. Be4 Kg7 44. a5 Nxe4 45. Bxe7 Nc3+ 46. Rxc3
Bxc3 47. Rxc3 Rxe7 48. Ke3 Kf6 49. Ke4 Rd7 50. b4 Rf7 51. Rc5 Rd7 52. b5 axb5
53. Rxb5 c6 54. dxc6 Rd4+ 55. Ke3 bxc6 56. Rc5 Ra4 57. Rxc6+ Kg7 58. a6 Kh7 59.
Rg6 1-0

[Event "CZECH OPEN 2011 "]
[Site "Pardubice (CZE)"]
[Date "2011.07.30"]
[Round "9.31"]
[White "Ponizil, Cyril"]
[Black "Velicka, Petr"]
[Result "1/2-1/2"]
[WhiteElo "2388"]
[BlackElo "2461"]
[PlyCount "31"]
[EventDate "2011.07.22"]

1. e4 c6 2. d4 d5 3. exd5 cxd5 4. c4 Nf6 5. Nf3 Nc6 6. Nc3 Bg4 7. cxd5 Nxd5 8.
Qb3 Bxf3 9. gxf3 e6 10. Qxb7 Nxd4 11. Bb5+ Nxb5 12. Qc6+ Ke7 13. Qxb5 Qd7 14.
Nxd5+ Qxd5 15. Qxd5 exd5 16. Be3 1/2-1/2

[Event "CZECH OPEN 2011 "]
[Site "Pardubice (CZE)"]
[Date "2011.07.30"]
[Round "9.37"]
[White "Krapivin, Vladislav"]
[Black "Talla, Vladimir"]
[Result "1/2-1/2"]
[WhiteElo "2354"]
[BlackElo "2427"]
[PlyCount "22"]
[EventDate "2011.07.22"]

1. e4 e5 2. Nc3 Nc6 3. Nf3 Nf6 4. Bb5 Bb4 5. O-O O-O 6. d3 d6 7. Bg5 Bxc3 8.
bxc3 Qe7 9. Re1 Nd8 10. d4 Ne6 11. Bd2 Rd8 1/2-1/2

[Event "CZECH OPEN 2011 "]
[Site "Pardubice (CZE)"]
[Date "2011.07.30"]
[Round "9.38"]
[White "Martin Alvarez, Inigo"]
[Black "Batchuluun, Tsegmed"]
[Result "0-1"]
[WhiteElo "2315"]
[BlackElo "2427"]
[PlyCount "56"]
[EventDate "2011.07.22"]

1. e4 e6 2. d4 d5 3. e5 c5 4. Nf3 cxd4 5. Bd3 Ne7 6. Bf4 Nec6 7. O-O Be7 8. a3
a5 9. Re1 Nd7 10. Bg3 Qb6 11. b3 Nc5 12. h4 h6 13. h5 Bd7 14. Bh4 Bxh4 15. Nxh4
O-O 16. Qe2 Nxd3 17. Qxd3 f6 18. Ng6 Nxe5 19. Nxe5 fxe5 20. Rxe5 Rac8 21. g4
Bb5 22. Qd2 d3 23. c3 Rf3 24. Re3 Rf4 25. Rg3 Rcf8 26. Ra2 e5 27. c4 Bxc4 28.
Rb2 Ba6 0-1

[Event "CZECH OPEN 2011 "]
[Site "Pardubice (CZE)"]
[Date "2011.07.30"]
[Round "9.39"]
[White "Dmitrenko, Viktor"]
[Black "Looshnikov, Nikolai"]
[Result "1/2-1/2"]
[WhiteElo "2353"]
[BlackElo "2512"]
[PlyCount "21"]
[EventDate "2011.07.22"]

1. Nf3 Nf6 2. d4 e6 3. c4 Bb4+ 4. Bd2 Qe7 5. Nc3 O-O 6. Qc2 d6 7. e4 e5 8. d5
Bg4 9. Be2 Nbd7 10. h3 Bh5 11. Nh4 1/2-1/2

[Event "CZECH OPEN 2011 "]
[Site "Pardubice (CZE)"]
[Date "2011.07.30"]
[Round "9.40"]
[White "Kalod, Radek"]
[Black "Andre, Gordon"]
[Result "1-0"]
[WhiteElo "2500"]
[BlackElo "2368"]
[PlyCount "53"]
[EventDate "2011.07.22"]

1. e4 e6 2. d4 d5 3. exd5 exd5 4. c4 Bb4+ 5. Nc3 Ne7 6. Nf3 O-O 7. Be2 dxc4 8.
Bxc4 Bg4 9. O-O Nbc6 10. a3 Ba5 11. Re1 Nf5 12. Be3 Qf6 13. Nd5 Qg6 14. b4 Bb6
15. h3 Bxh3 16. Nf4 Qf6 17. Nxh3 Ncxd4 18. Nxd4 Bxd4 19. Bxd4 Nxd4 20. Ng5 Rad8
21. Qh5 h6 22. Ne4 Qf4 23. Rac1 Rfe8 24. Ng3 c6 25. Ne2 Rxe2 26. Bxe2 g6 27.
Qg4 1-0

[Event "CZECH OPEN 2011 "]
[Site "Pardubice (CZE)"]
[Date "2011.07.30"]
[Round "9.44"]
[White "Semcesen, Daniel"]
[Black "Kashlinskaya, Alina"]
[Result "1-0"]
[WhiteElo "2480"]
[BlackElo "2360"]
[PlyCount "89"]
[EventDate "2011.07.22"]

1. d4 Nf6 2. c4 g6 3. Nc3 Bg7 4. e4 d6 5. h3 O-O 6. Nf3 e5 7. d5 a5 8. Bg5 Na6
9. Nd2 Bd7 10. Be2 Nc5 11. O-O h6 12. Be3 Nh7 13. Nb3 b6 14. Qd2 Nxe4 15. Nxe4
f5 16. Nxd6 f4 17. Ne4 a4 18. Nc1 fxe3 19. Qxe3 Qh4 20. Nd3 Ng5 21. f3 Nxe4 22.
fxe4 Bf6 23. Nf2 Be7 24. g3 Bc5 25. gxh4 Bxe3 26. Kg2 Bd4 27. Rab1 Bxf2 28.
Rxf2 Bxh3+ 29. Kg3 Rxf2 30. Kxf2 Rf8+ 31. Kg3 Bd7 32. Rc1 c5 33. Rb1 Kf7 34. h5
g5 35. b4 axb3 36. Rxb3 Rb8 37. Ra3 Ke7 38. Ra7 Kd6 39. a4 Rf8 40. Rb7 Bxa4 41.
Rxb6+ Ke7 42. Rxh6 Bd7 43. Rg6 Rf4 44. Bf3 Be8 45. Re6+ 1-0

[Event "CZECH OPEN 2011 "]
[Site "Pardubice (CZE)"]
[Date "2011.07.30"]
[Round "9.48"]
[White "Llorente Zaro, Alfonso"]
[Black "Cerveny, Martin"]
[Result "1-0"]
[WhiteElo "2453"]
[BlackElo "2347"]
[PlyCount "79"]
[EventDate "2011.07.22"]

1. d4 d5 2. Nf3 Nf6 3. Bf4 Bf5 4. e3 e6 5. Nbd2 Nbd7 6. c4 c6 7. Qb3 Qb6 8. c5
Qxb3 9. axb3 Nh5 10. b4 Nxf4 11. exf4 f6 12. b5 Be7 13. b4 Kf7 14. bxc6 bxc6
15. b5 Rhc8 16. Nh4 Be4 17. Nxe4 dxe4 18. bxc6 Nxc5 19. dxc5 g5 20. f5 gxh4 21.
Bc4 Rxc6 22. fxe6+ Kf8 23. Bd5 Rac8 24. Bxc6 Rxc6 25. Rxa7 Rxc5 26. Kd2 Rc6 27.
Rc1 Rxe6 28. Ke3 Re5 29. Rc8+ Kf7 30. Rcc7 h6 31. Kf4 h5 32. h3 Kf8 33. Rxe7
Rxe7 34. Rxe7 Kxe7 35. Kxe4 Ke6 36. Kf4 Ke7 37. Kf5 Kf7 38. f3 Kg7 39. Ke6 Kg6
40. f4 1-0

[Event "CZECH OPEN 2011 "]
[Site "Pardubice (CZE)"]
[Date "2011.07.30"]
[Round "9.50"]
[White "Feuerstack, Aljoscha"]
[Black "Prieto Aranguren, Alain"]
[Result "1-0"]
[WhiteElo "2421"]
[BlackElo "2243"]
[PlyCount "45"]
[EventDate "2011.07.22"]

1. e4 c6 2. d4 d5 3. e5 Bf5 4. Nd2 e6 5. Nb3 Nd7 6. Nf3 Ne7 7. Be2 Nc8 8. a4
Be7 9. a5 a6 10. Be3 O-O 11. O-O Na7 12. c4 dxc4 13. Bxc4 Nb5 14. Bd3 Bxd3 15.
Qxd3 Nc7 16. Nbd2 c5 17. Ne4 cxd4 18. Neg5 f5 19. exf6 Nxf6 20. Bxd4 h6 21. Nh3
Nfd5 22. Qg6 Nf6 23. Nhg5 1-0

[Event "CZECH OPEN 2011 "]
[Site "Pardubice (CZE)"]
[Date "2011.07.30"]
[Round "9.51"]
[White "Gislason, Gudmundur"]
[Black "Abel, Dennes"]
[Result "0-1"]
[WhiteElo "2322"]
[BlackElo "2418"]
[PlyCount "80"]
[EventDate "2011.07.22"]

1. Nf3 Nf6 2. d4 g6 3. g3 Bg7 4. Bg2 d5 5. O-O O-O 6. b3 c6 7. Bb2 Qb6 8. Nc3
Qc7 9. Na4 b5 10. Nc5 Nfd7 11. Nd3 Nb6 12. Re1 Bf5 13. Nd2 Bxd3 14. exd3 b4 15.
a4 e6 16. a5 N6d7 17. c3 bxc3 18. Bxc3 c5 19. Rc1 Nc6 20. dxc5 Bxc3 21. Rxc3
Qxa5 22. Qa1 Qb4 23. h4 h5 24. Nf3 Rac8 25. Rec1 Rc7 26. R1c2 Rb8 27. Qc1 Nde5
28. Nxe5 Nxe5 29. c6 Rbc8 30. Qg5 Rxc6 31. Rxc6 Qe1+ 32. Kh2 Rxc6 33. Rxc6 Nxc6
34. Qf4 Ne5 35. f3 a5 36. d4 Nc6 37. Kh3 Qb4 38. g4 Qxd4 39. Qc1 hxg4+ 40. fxg4
Ne5 0-1

[Event "CZECH OPEN 2011 "]
[Site "Pardubice (CZE)"]
[Date "2011.07.30"]
[Round "9.69"]
[White "Swan, Iain"]
[Black "Graf, Felix"]
[Result "1/2-1/2"]
[WhiteElo "2248"]
[BlackElo "2352"]
[PlyCount "26"]
[EventDate "2011.07.22"]

1. e4 e6 2. d4 d5 3. Nc3 h6 4. Nf3 Nf6 5. Bd3 Bb4 6. exd5 exd5 7. O-O O-O 8. h3
Nc6 9. Bf4 Ne7 10. Re1 Bf5 11. a3 Bxc3 12. bxc3 Bxd3 13. cxd3 Ng6 1/2-1/2

[Event "CZECH OPEN 2011 "]
[Site "Pardubice (CZE)"]
[Date "2011.07.30"]
[Round "9.76"]
[White "Heidrich, Manfred"]
[Black "Oganian, Miran"]
[Result "1/2-1/2"]
[WhiteElo "2312"]
[BlackElo "2204"]
[PlyCount "40"]
[EventDate "2011.07.22"]

1. f4 g6 2. Nf3 Bg7 3. g3 c5 4. Bg2 e6 5. O-O Ne7 6. d3 O-O 7. e4 d6 8. Na3
Nbc6 9. c3 Rb8 10. Nc2 b5 11. d4 b4 12. Be3 cxd4 13. cxd4 d5 14. e5 b3 15. axb3
Rxb3 16. Bc1 Qb6 17. Rf2 Nb4 18. Nce1 Nbc6 19. Nc2 Nb4 20. Nce1 Nbc6 1/2-1/2

[Event "CZECH OPEN 2011 "]
[Site "Pardubice (CZE)"]
[Date "2011.07.30"]
[Round "9.77"]
[White "Yakimenko, Alexander A"]
[Black "Ruckschloss, Karol"]
[Result "1-0"]
[WhiteElo "2178"]
[BlackElo "2312"]
[PlyCount "41"]
[EventDate "2011.07.22"]

1. d4 f5 2. Nc3 Nf6 3. Bg5 c6 4. e4 fxe4 5. f3 Qb6 6. fxe4 Qxb2 7. Nge2 d5 8.
Rb1 Qa3 9. e5 Ne4 10. Nxe4 dxe4 11. Nf4 Qxa2 12. Rb3 Qa5+ 13. Kf2 g6 14. Bc4
Na6 15. Rf1 b5 16. Be6 Qd8 17. Kg1 Nc7 18. Bf7+ Kxf7 19. Nxg6+ Kg7 20. Bh6+
Kxh6 21. Nxh8 1-0

[Event "CZECH OPEN 2011 "]
[Site "Pardubice (CZE)"]
[Date "2011.07.30"]
[Round "9.79"]
[White "Hladik, Josef"]
[Black "Vlasak, Lukas"]
[Result "1/2-1/2"]
[WhiteElo "2141"]
[BlackElo "2308"]
[PlyCount "49"]
[EventDate "2011.07.22"]

1. e4 c5 2. Nf3 d6 3. c3 Nf6 4. Bc4 e6 5. Qe2 Be7 6. d3 O-O 7. O-O Nc6 8. Bb3
b6 9. Rd1 Ba6 10. Nbd2 Qc7 11. Nf1 Rfe8 12. Ng3 h6 13. Bc2 Bf8 14. Bf4 e5 15.
Bc1 d5 16. Qe1 Rad8 17. h3 Bb7 18. Nh2 Qc8 19. Qe2 dxe4 20. dxe4 Rxd1+ 21. Qxd1
Rd8 22. Qf3 Qe6 23. Bb3 c4 24. Bc2 Nd7 25. b4 1/2-1/2

[Event "CZECH OPEN 2011 "]
[Site "Pardubice (CZE)"]
[Date "2011.07.30"]
[Round "9.80"]
[White "Vrana, Jan"]
[Black "Pirverdiyev, Agil Kamran Oglu"]
[Result "0-1"]
[WhiteElo "2306"]
[BlackElo "2050"]
[PlyCount "146"]
[EventDate "2011.07.22"]

1. e4 c5 2. Nc3 e6 3. f4 Nc6 4. Nf3 d5 5. d3 Nge7 6. g3 g6 7. Bg2 Bg7 8. e5 f6
9. exf6 Bxf6 10. O-O O-O 11. Ne2 Qd6 12. c3 Bd7 13. d4 b6 14. Be3 Na5 15. b3
Bb5 16. Re1 Nf5 17. Bf2 Rae8 18. Qd2 Qc7 19. Rac1 Nd6 20. Ne5 Bxe5 21. fxe5 Nf5
22. g4 Ng7 23. Be3 Bxe2 24. Qxe2 c4 25. b4 Nc6 26. Bg5 Rf7 27. Rf1 Rxf1+ 28.
Rxf1 Rf8 29. Rf6 Qd7 30. h4 Ne8 31. Rxf8+ Kxf8 32. Bh6+ Ke7 33. Qf2 Kd8 34. Qf8
Kc7 35. Bg5 Kb7 36. Bf3 Nc7 37. a4 Nxd4 38. cxd4 Qxa4 39. Be3 c3 40. Be2 c2 41.
Kf2 Qa3 42. Qh6 Qxb4 43. Qxh7 Qc3 44. Qh6 b5 45. Bd2 Qxd4+ 46. Qe3 Qa1 47. h5
gxh5 48. gxh5 Qh1 49. h6 b4 50. Bd3 Qh4+ 51. Ke2 b3 52. h7 Qg4+ 53. Kf2 Qh4+
54. Kg2 Qg4+ 55. Kf2 Qh4+ 56. Qg3 Qh1 57. Qf4 a5 58. Qh6 Qd1 59. h8=Q b2 60.
Bxc2 Qxc2 61. Qe3 b1=Q 62. Qf6 Qcd1 63. Be1 Qa2+ 64. Kg3 Qdc2 65. Bf2 Qab3 66.
Qff3 Qxe3 67. Qxe3 Kc8 68. Qf4 Qb3+ 69. Kh2 a4 70. Bd4 Kb7 71. Qc1 Qc4 72. Qe3
Nb5 73. Bb6 d4 0-1

[Event "CZECH OPEN 2011 "]
[Site "Pardubice (CZE)"]
[Date "2011.07.30"]
[Round "9.81"]
[White "Klek, Hanna-Marie"]
[Black "Wiley, Tom E"]
[Result "0-1"]
[WhiteElo "2134"]
[BlackElo "2306"]
[PlyCount "111"]
[EventDate "2011.07.22"]

1. e4 c5 2. Nf3 e6 3. d4 cxd4 4. Nxd4 a6 5. Bd3 Qc7 6. Qe2 d6 7. O-O g6 8. c4
Bg7 9. Be3 Ne7 10. Nc3 Nd7 11. f4 e5 12. Nf3 exf4 13. Bxf4 Ne5 14. Nxe5 dxe5
15. Bg5 Be6 16. Nd5 Bxd5 17. cxd5 O-O 18. Rac1 Qd7 19. Qe3 Nc8 20. Rc3 f6 21.
Bh4 Nd6 22. Qb6 Rac8 23. Bf2 Rf7 24. Bc5 Bf8 25. Bb4 f5 26. Bxd6 Rxc3 27. bxc3
Bxd6 28. exf5 Qe7 29. Qb1 Bc5+ 30. Kh1 Kg7 31. fxg6 Rxf1+ 32. Qxf1 hxg6 33. Qb1
Qf7 34. c4 a5 35. Be4 b6 36. Qe1 Bf2 37. Qe2 Bc5 38. g3 Qf6 39. h4 Qf7 40. Kg2
Qf6 41. Bd3 Kh6 42. Kh3 a4 43. Bc2 a3 44. Bd3 Bd4 45. Qg4 Bc5 46. Qe4 Bf2 47.
Kg2 Bc5 48. g4 Kg7 49. Kh3 Bd6 50. g5 Qf7 51. Kg2 Bc7 52. Kg3 Bd6 53. Kh3 Qd7+
54. Kg2 Qf7 55. Qf3 Qe7 56. Qe4 0-1

[Event "CZECH OPEN 2011 "]
[Site "Pardubice (CZE)"]
[Date "2011.07.30"]
[Round "9.82"]
[White "Aripov, Iskandar"]
[Black "Bibik, Jura"]
[Result "1-0"]
[WhiteElo "2123"]
[BlackElo "2303"]
[PlyCount "47"]
[EventDate "2011.07.22"]

1. d4 d5 2. c4 c6 3. Nf3 Nf6 4. e3 g6 5. Bd3 Bg7 6. O-O O-O 7. Nbd2 Nbd7 8. h3
c5 9. b3 b6 10. Bb2 Bb7 11. Qe2 e6 12. dxc5 Nxc5 13. Bc2 a5 14. Rfd1 Qe7 15.
Nd4 Rfd8 16. Nb5 Rac8 17. Rac1 Ba6 18. Na3 Nfe4 19. Bxg7 Kxg7 20. Nxe4 Nxe4 21.
Nb5 Bxb5 22. Bxe4 dxc4 23. Rxd8 cxb3 24. Qb2+ 1-0

[Event "CZECH OPEN 2011 "]
[Site "Pardubice (CZE)"]
[Date "2011.07.30"]
[Round "9.83"]
[White "Tjurin, Alexander P"]
[Black "Hampel, Felix"]
[Result "1/2-1/2"]
[WhiteElo "2303"]
[BlackElo "2049"]
[PlyCount "87"]
[EventDate "2011.07.22"]

1. e4 c5 2. Nf3 e6 3. d4 cxd4 4. Nxd4 Nc6 5. Nxc6 bxc6 6. Bd3 Nf6 7. O-O Qc7 8.
c4 d5 9. Nd2 Be7 10. Qe2 O-O 11. b3 a5 12. e5 Nd7 13. Nf3 Nc5 14. Bc2 f5 15.
exf6 Bxf6 16. Ba3 Be7 17. Rac1 Re8 18. Rfd1 Ba6 19. Qe3 Qa7 20. Nd4 Qd7 21. Nf3
Qa7 22. Ng5 Bxg5 23. Qxg5 Nd7 24. cxd5 cxd5 25. Bb2 Nf8 26. Bb1 Rac8 27. h4 Qf7
28. h5 h6 29. Qg4 e5 30. Qf5 d4 31. f4 Rxc1 32. Rxc1 Qxf5 33. Bxf5 Be2 34. fxe5
Rxe5 35. Re1 Rxf5 36. Rxe2 Rd5 37. Rd2 Ne6 38. Kf2 Kf7 39. Kf3 Kf6 40. Ke4 Re5+
41. Kd3 Rd5 42. Kc4 Rc5+ 43. Kd3 Rd5 44. Kc4 1/2-1/2

[Event "CZECH OPEN 2011 "]
[Site "Pardubice (CZE)"]
[Date "2011.07.30"]
[Round "9.84"]
[White "Kyas, Philipp"]
[Black "Chudinovskikh, Alexander"]
[Result "0-1"]
[WhiteElo "2017"]
[BlackElo "2302"]
[PlyCount "60"]
[EventDate "2011.07.22"]

1. d4 Nf6 2. c4 e6 3. Nc3 Bb4 4. e3 O-O 5. Bd3 c5 6. Nge2 d5 7. cxd5 cxd4 8.
exd4 Nxd5 9. O-O Nc6 10. a3 Bd6 11. Nxd5 exd5 12. Ng3 g6 13. Bc2 Be6 14. Bh6
Re8 15. f4 f5 16. Ne2 Qb6 17. Kh1 Bf7 18. g4 Rxe2 19. Qxe2 Nxd4 20. Qd2 Nxc2
21. Qxc2 fxg4 22. Rac1 d4 23. f5 Bd5+ 24. Kg1 d3+ 25. Qf2 Re8 26. fxg6 hxg6 27.
Rce1 Re2 28. Be3 Qxe3 29. Rxe2 Bxh2+ 30. Kxh2 Qh3+ 0-1

[Event "CZECH OPEN 2011 "]
[Site "Pardubice (CZE)"]
[Date "2011.07.30"]
[Round "9.87"]
[White "Ben, Artzi Ido"]
[Black "Zvara, Petr"]
[Result "1/2-1/2"]
[WhiteElo "2264"]
[BlackElo "2409"]
[PlyCount "69"]
[EventDate "2011.07.22"]

1. d4 Nf6 2. c4 g6 3. Nc3 Bg7 4. e4 d6 5. f3 O-O 6. Be3 Nc6 7. Nge2 a6 8. Qd2
Rb8 9. Rc1 Bd7 10. b3 b5 11. cxb5 axb5 12. d5 Ne5 13. Nd4 Qe8 14. Be2 e6 15.
dxe6 fxe6 16. O-O b4 17. Nd1 c5 18. Nc2 Qe7 19. Nf2 Ra8 20. Rfd1 d5 21. Ne1 d4
22. Bg5 Nf7 23. Bh4 e5 24. Bc4 Be6 25. Ned3 Bh6 26. Bxf6 Qxf6 27. Ng4 Bxg4 28.
Qxh6 Be6 29. Qd2 Ng5 30. Nxc5 Bxc4 31. Rxc4 Nxf3+ 32. gxf3 Qxf3 33. Nd3 Rxa2
34. Rc2 Qg4+ 35. Kh1 1/2-1/2

[Event "CZECH OPEN 2011 "]
[Site "Pardubice (CZE)"]
[Date "2011.07.30"]
[Round "9.91"]
[White "Ageichenko, Genadi A"]
[Black "Kratochvil, Josef"]
[Result "1-0"]
[WhiteElo "2356"]
[BlackElo "2230"]
[PlyCount "65"]
[EventDate "2011.07.22"]

1. e4 c5 2. Nf3 e6 3. Nc3 a6 4. d4 cxd4 5. Nxd4 b5 6. g3 Bb7 7. Bg2 d6 8. O-O
Nd7 9. Re1 Be7 10. a4 b4 11. Na2 a5 12. c3 Qb6 13. Nb5 bxc3 14. Naxc3 Ngf6 15.
Be3 Nc5 16. Bxc5 dxc5 17. e5 Rd8 18. Qb3 Nd5 19. Rad1 Nxc3 20. Rxd8+ Qxd8 21.
Bxb7 Nxb5 22. Qxb5+ Kf8 23. Bf3 g6 24. Rd1 Qc7 25. Rd7 Qxe5 26. Qxa5 Qf6 27.
Qc3 e5 28. a5 Kg7 29. a6 c4 30. a7 Bc5 31. Kg2 h5 32. Qd2 Qa6 33. Qd5 1-0

[Event "CZECH OPEN 2011 "]
[Site "Pardubice (CZE)"]
[Date "2011.07.30"]
[Round "9.49"]
[White "Akesson, Ralf"]
[Black "Bracker, Arne"]
[Result "1-0"]
[WhiteElo "2429"]
[BlackElo "2263"]
[PlyCount "81"]
[EventDate "2011.07.22"]

1. d4 Nf6 2. c4 g6 3. Nc3 Bg7 4. e4 d6 5. f3 O-O 6. Be3 c5 7. Nge2 Nc6 8. d5
Ne5 9. Ng3 h5 10. Be2 h4 11. Nf1 e6 12. Nd2 exd5 13. cxd5 a6 14. a4 Bd7 15. O-O
b5 16. Qe1 h3 17. g4 c4 18. Qh4 Rc8 19. axb5 axb5 20. Na2 Nfxg4 21. Qxd8 Rcxd8
22. fxg4 Bxg4 23. Nc1 Ra8 24. Rb1 Rfc8 25. Bd4 Bd7 26. Rd1 f5 27. Nf3 fxe4 28.
Nxe5 dxe5 29. Be3 b4 30. d6 Kh7 31. Rd5 Bf8 32. Rxe5 Bxd6 33. Rd5 Rc6 34. Bxc4
Be6 35. b3 Bxd5 36. Bxd5 Rc2 37. Bxa8 Bxh2+ 38. Kh1 Be5 39. Bxe4 Rc3 40. Nd3
Bd6 41. Rg1 1-0

[Event "CZECH OPEN 2011 "]
[Site "Pardubice (CZE)"]
[Date "2011.07.30"]
[Round "9.59"]
[White "Jedlicka, Ales"]
[Black "Totsky, Leonid"]
[Result "0-1"]
[WhiteElo "2282"]
[BlackElo "2484"]
[PlyCount "102"]
[EventDate "2011.07.22"]

1. d4 e6 2. Nf3 f5 3. g3 Nf6 4. Bg2 d5 5. O-O Bd6 6. c4 c6 7. Nbd2 Nbd7 8. b3
O-O 9. Bb2 Ne4 10. Ne5 Nxe5 11. dxe5 Bc5 12. Nxe4 fxe4 13. e3 b6 14. Rc1 Bd7
15. Rc2 Qe7 16. Bd4 Bb4 17. Qe2 Rad8 18. a4 Be8 19. Rfc1 c5 20. Bb2 Bg6 21. Rd1
Qg5 22. h4 Qe7 23. Rcc1 h6 24. cxd5 exd5 25. Bh3 Bf5 26. Bxf5 Rxf5 27. Qg4 Qe6
28. Rc4 h5 29. Qe2 Rdf8 30. Rc2 Rf3 31. Kg2 Kh8 32. Rf1 Qg4 33. Qd1 d4 34. e6
d3 35. e7 Re8 36. Rc4 Rxe7 37. Rxe4 Rxg3+ 38. fxg3 Qxe4+ 39. Kh2 Qd5 40. Rf8+
Kh7 41. Qf1 d2 42. Bxg7 Rxg7 43. Qb1+ Rg6 44. Qb2 Rg8 45. Qc2+ Kg7 46. Rf1 Re8
47. Qb2+ Qe5 48. Qc2 Qxe3 49. Qf5 Qe2+ 50. Kg1 Qxf1+ 51. Kxf1 d1=Q+ 0-1

[Event "CZECH OPEN 2011 "]
[Site "Pardubice (CZE)"]
[Date "2011.07.30"]
[Round "9.62"]
[White "Liepold, Stefan"]
[Black "Breder, Dennis"]
[Result "0-1"]
[WhiteElo "2266"]
[BlackElo "2443"]
[PlyCount "72"]
[EventDate "2011.07.22"]

1. e4 c5 2. Nf3 Nc6 3. d4 cxd4 4. Nxd4 e5 5. Nb5 d6 6. N1c3 a6 7. Na3 Be6 8.
Nc4 Rb8 9. a4 Nb4 10. Be3 Nf6 11. Bg5 d5 12. exd5 Nbxd5 13. Nxd5 Qxd5 14. Qxd5
Nxd5 15. O-O-O f6 16. Bd2 Rc8 17. Ne3 Bc5 18. Bc4 Bxe3 19. Bxd5 Bxd5 20. Bxe3
Bxg2 21. Rhg1 Be4 22. c3 O-O 23. Bb6 Bc6 24. a5 Ba4 25. Rd3 Rf7 26. Kd2 h6 27.
Ke3 Kh7 28. f4 exf4+ 29. Kxf4 Re8 30. Re3 g5+ 31. Kf3 Bc6+ 32. Kf2 Rxe3 33.
Bxe3 Kg6 34. Rd1 Re7 35. c4 Re5 36. Bd4 Rxa5 0-1

[Event "CZECH OPEN 2011 "]
[Site "Pardubice (CZE)"]
[Date "2011.07.30"]
[Round "9.64"]
[White "Gorbatov, Alexej"]
[Black "Wagner, Dennis"]
[Result "1/2-1/2"]
[WhiteElo "2375"]
[BlackElo "2287"]
[PlyCount "62"]
[EventDate "2011.07.22"]

1. e4 c5 2. Nf3 e6 3. d4 cxd4 4. Nxd4 a6 5. c4 Nf6 6. Bd3 Nc6 7. Nxc6 dxc6 8.
Qe2 Bb4+ 9. Nd2 e5 10. O-O O-O 11. Nb3 Be6 12. f4 exf4 13. Bxf4 Nd7 14. Rad1
Qh4 15. h3 Rfe8 16. Qe3 Qe7 17. Qg3 Nf8 18. Bg5 Qd6 19. e5 Qc7 20. a3 Be7 21.
Bxe7 Rxe7 22. Nc5 Ng6 23. Rfe1 Rae8 24. Bxg6 fxg6 25. Nxe6 Rxe6 26. Rd6 Rxd6
27. exd6 Rxe1+ 28. Qxe1 Qxd6 29. Qe8+ Qf8 30. Qe6+ Kh8 31. b4 Qd8 1/2-1/2

[Event "CZECH OPEN 2011 "]
[Site "Pardubice (CZE)"]
[Date "2011.07.30"]
[Round "9.65"]
[White "Kulhanek, Tomas"]
[Black "Nakar, Eylon"]
[Result "1-0"]
[WhiteElo "2375"]
[BlackElo "2276"]
[PlyCount "73"]
[EventDate "2011.07.22"]

1. e4 e6 2. d4 d5 3. e5 c5 4. c3 Nc6 5. Nf3 Qb6 6. a3 Nh6 7. b4 cxd4 8. cxd4
Nf5 9. Bb2 Bd7 10. g4 Nfe7 11. Nc3 Na5 12. Qc2 Nc4 13. Bxc4 dxc4 14. Nd2 Qc6
15. Nce4 Nc8 16. Qxc4 Qxc4 17. Nxc4 Bc6 18. f3 h5 19. g5 Be7 20. Rg1 b5 21. Na5
Bd5 22. Rc1 Nb6 23. Kf2 O-O 24. Nf6+ Bxf6 25. gxf6 g6 26. Nc6 Bxc6 27. Rxc6
Rfc8 28. Rgc1 Nc4 29. Rxc8+ Rxc8 30. d5 exd5 31. Bd4 a6 32. f4 Kf8 33. f5 gxf5
34. Rg1 Rc7 35. Bc5+ Ke8 36. e6 Rxc5 37. Rg8# 1-0

[Event "CZECH OPEN 2011 "]
[Site "Pardubice (CZE)"]
[Date "2011.07.30"]
[Round "9.66"]
[White "Kulagin, Maxim"]
[Black "Jasny, Stanislav"]
[Result "1/2-1/2"]
[WhiteElo "2263"]
[BlackElo "2366"]
[PlyCount "70"]
[EventDate "2011.07.22"]

1. e4 c5 2. a3 Nc6 3. b4 Nf6 4. b5 Nd4 5. c3 Ne6 6. e5 Nd5 7. Nf3 d6 8. Bc4 Nb6
9. Ba2 g6 10. O-O Bg7 11. Re1 O-O 12. a4 dxe5 13. Nxe5 Qd6 14. Nc4 Nxc4 15.
Bxc4 Nf4 16. Qf3 e5 17. d4 Bf5 18. dxc5 Qxc5 19. Nd2 Qc7 20. g4 Be6 21. Bxe6
Nxe6 22. Ba3 Rfd8 23. Ne4 Nf4 24. Rad1 Rxd1 25. Rxd1 Rd8 26. Rxd8+ Qxd8 27. Bc1
Bh6 28. Bxf4 Bxf4 29. Nc5 Qc7 30. Nxb7 Qc4 31. Nd6 Qxa4 32. Qd5 Bxh2+ 33. Kxh2
Qf4+ 34. Kh3 Qxf2 35. g5 Qe3+ 1/2-1/2

[Event "CZECH OPEN 2011 "]
[Site "Pardubice (CZE)"]
[Date "2011.07.30"]
[Round "9.67"]
[White "Givon, Asaf"]
[Black "Kireev, Aleksei"]
[Result "1-0"]
[WhiteElo "2262"]
[BlackElo "2360"]
[PlyCount "153"]
[EventDate "2011.07.22"]

1. e4 d6 2. d4 g6 3. Nc3 c6 4. Be3 e5 5. Nf3 Bg7 6. dxe5 dxe5 7. Qxd8+ Kxd8 8.
O-O-O+ Nd7 9. Ng5 Nh6 10. Bc4 Ke7 11. f3 b6 12. Rd2 Nf6 13. Rhd1 Bd7 14. h3
Rhd8 15. f4 Nh5 16. fxe5 Bxe5 17. Nxh7 Bf4 18. Bxf4 Nxf4 19. Ng5 f6 20. Nh7 Be6
21. Rxd8 Rxd8 22. Rxd8 Kxd8 23. Bxe6 Nxe6 24. Nxf6 Nf4 25. Kd2 Nxg2 26. Ne2 Ke7
27. Ng4 Nf7 28. Nd4 Kd7 29. Nf3 Ke6 30. Nd4+ Kd7 31. Nf3 Ke6 32. h4 c5 33. Ke2
Nd6 34. Kf2 Nf4 35. Ke3 Ng2+ 36. Kf2 Nf4 37. Ng5+ Ke7 38. Kf3 Nh5 39. Ne5 Kf6
40. Nc6 Nc4 41. b3 Na3 42. c4 a5 43. Kg4 a4 44. e5+ Kg7 45. Ne6+ Kh6 46. Nc7
Nc2 47. Nd5 axb3 48. axb3 Na1 49. e6 Ng7 50. e7 Ne8 51. b4 cxb4 52. Ncxb4 Nb3
53. Na6 Kg7 54. Nac7 Kf7 55. Kg5 Nxc7 56. Nxc7 Kxe7 57. Kxg6 Kd6 58. h5 Kxc7
59. h6 Na5 60. h7 Nxc4 61. h8=Q Kc6 62. Kf5 Kc5 63. Ke4 Nd6+ 64. Kd3 Kd5 65.
Qd8 Kc6 66. Kc3 Ne4+ 67. Kb4 Nd6 68. Qe7 Nc8 69. Qe4+ Kc7 70. Qc4+ Kb7 71. Qd5+
Kc7 72. Kb5 Nd6+ 73. Ka6 Nc8 74. Qb7+ Kd8 75. Qh7 Ke8 76. Qc7 Ne7 77. Qxb6 1-0

[Event "CZECH OPEN 2011 "]
[Site "Pardubice (CZE)"]
[Date "2011.07.30"]
[Round "9.70"]
[White "Freisler, Pavel"]
[Black "Meskovs, Nikita"]
[Result "0-1"]
[WhiteElo "2351"]
[BlackElo "2273"]
[PlyCount "80"]
[EventDate "2011.07.22"]

1. Nf3 Nf6 2. c4 c5 3. Nc3 g6 4. g3 Bg7 5. Bg2 O-O 6. d4 Nc6 7. O-O d6 8. dxc5
dxc5 9. Bf4 Nh5 10. Be3 Nd4 11. Qc1 Be6 12. Rd1 Bxc4 13. g4 Bxe2 14. Bxd4 Bxd1
15. Bxg7 Nxg7 16. Nxd1 Ne6 17. Ne3 Rc8 18. Qc4 Nd4 19. Rd1 b5 20. Qf1 Qd6 21.
Nxd4 cxd4 22. Qxb5 Rc5 23. Qa4 e5 24. h3 Rfc8 25. b4 Rc1 26. Nd5 R8c2 27. Bf3
Rxd1+ 28. Bxd1 Rc1 29. Qe8+ Kg7 30. Ne7 Rxd1+ 31. Kg2 Kf6 32. h4 Qxe7 33. g5+
Ke6 34. Qc6+ Qd6 35. Qe8+ Kf5 36. Qxf7+ Kg4 37. Qf3+ Kxh4 38. Qg3+ Kh5 39. Qf3+
Kxg5 40. Qxd1 Qd5+ 0-1